Statistics for Famous Japanese People

Click here to take the quiz!

General Stats

  • This quiz has been taken 85 times
  • The average score is 8 of 14

Answer Stats

HintAnswer% Correct
Emperor during WW2Hirohito
92%
John Lennon's wifeYoko Ono
88%
Current prime ministerShinzo Abe
86%
"Spirited Away" directorHayao Miyazaki
63%
"Seven Samurai" directorAkira Kurosawa
58%
Monster (Gojira)Godzilla
58%
Current EmperorAkihito
53%
Shogun (personal name Ieyasu)Tokugawa
52%
Mariners and Yankees playerIchiro Suzuki
48%
"1Q84" authorHaruki Murakami
41%
Prime Minister 2001-2006Junichiro Koizumi
39%
Star of "The Last Samurai"Ken Watanabe
39%
"Takeshi's castle" hostTakeshi Kitano
38%
Borussia Dortmund playerShinji Kagawa
25%

Score Distribution

Percentile by Number Answered

Percent of People with Each Score

Your Score History

You have not taken this quiz